| 000 | 004960000a22001930004500 | ||
|---|---|---|---|
| 001 | 000911 | ||
| 003 | MACL | ||
| 005 | 20150707154533.0 | ||
| 008 | 150707b xxu||||| |||| 00| 0 eng d | ||
| 040 |
_aMACL _cMACL |
||
| 041 | _aEnglish | ||
| 082 | _a307.5414/BHO | ||
| 100 |
_aBhowmick, Pradip K. _91251 |
||
| 245 |
_aTribal Literacy In West Bengal _cPradip K. Bhowmick |
||
| 260 |
_aCalcutta _c2000 _bR. N. Bhattacharya, |
||
| 350 | _a650 | ||
| 650 |
_aSocial Science _91252 |
||
| 942 |
_k308 _cBK _2ddc |
||
| 999 |
_c909 _d909 |
||